000 00355nam a2200133Ia 4500
008 240624s9999 xx 000 0 und d
041 _aeng
082 _a152.4 TRA
100 _aTRACY JESSICA
245 _aTAKE PRIDE WHY THE DEADLIEST SIN HOLDS T
260 _c2016
_aBoston
_bHoughton Mifflin Harcourt
300 _axvi, 224 p.; 23 cm.
365 _c
_b33
999 _c32431
_d32431